[Event "Langley op"]
[Site "Langley"]
[Date "2017.09.03"]
[Round "3.9"]
[White "Bremner, William"]
[Black "Wang, Kai"]
[Result "1-0"]
[WhiteElo "1416"]
[BlackElo "1743"]
[PlyCount "83"]
[EventDate "2017.09.02"]
[EventType "swiss"]
[EventRounds "6"]
[EventCountry "CAN"]
[SourceTitle "EXT 2022"]
[Source "ChessBase"]
[SourceDate "2021.10.06"]
[SourceVersion "1"]
[SourceVersionDate "2021.10.06"]
[SourceQuality "1"]

1. d4 Nf6 2. c4 c5 3. d5 e6 4. Nc3 exd5 5. cxd5 d6 6. e4 g6 7. f4 Bg7 8. Bb5+ Nfd7 9. a4 0-0 10. Nf3 a6 11. Bd3 Nf6 12. 0-0 Bg4 13. h3 Bxf3 14. Qxf3 Nbd7 15. Re1 Re8 16. Be3 Rc8 17. Bf2 Qb6 18. Rab1 Qb3 19. Qe2 Nb6 20. Bc2 Qb4 21. Qf3 Nbd7 22. Bg3 Nh5 23. Bh2 f5 24. g4 fxg4 25. hxg4 Nhf6 26. e5 dxe5 27. fxe5 Nxg4 28. e6 Nde5 29. Bxe5 Bxe5 30. Re4 Bd4+ 31. Kg2 Ne3+ 32. Rxe3 Bxe3 33. Qxe3 Qg4+ 34. Qg3 Qxg3+ 35. Kxg3 Kg7 36. Rf1 Rf8 37. Rxf8 Kxf8 38. Kf4 Ke7 39. Ke5 Rf8 40. d6+ Ke8 41. a5 Rf2 42. Ba4+ 1-0

[Event "Canadian op U1800"]
[Site "Sault Ste Marie"]
[Date "2017.07.13"]
[Round "5.42"]
[White "Wang, Kai"]
[Black "Kuttner, Amos"]
[Result "1-0"]
[WhiteElo "1679"]
[BlackElo "1706"]
[PlyCount "73"]
[EventDate "2017.07.08"]
[EventType "swiss"]
[EventRounds "9"]
[EventCountry "CAN"]
[SourceTitle "EXT 2022"]
[Source "ChessBase"]
[SourceDate "2021.10.06"]
[SourceVersion "1"]
[SourceVersionDate "2021.10.06"]
[SourceQuality "1"]

1. e4 e5 2. Bc4 Nf6 3. d3 Be7 4. Nf3 Nc6 5. c3 d6 6. Nbd2 Bd7 7. Bb3 Na5 8. Bc2 c5 9. Nf1 Nc6 10. Ng3 0-0 11. 0-0 d5 12. Qe2 d4 13. Ba4 Qc7 14. Nh4 Qa5 15. Bb3 dxc3 16. bxc3 Qxc3 17. Bd2 Qd4 18. Rac1 Bg4 19. Qe1 Qd8 20. Nhf5 Nd4 21. Nxd4 cxd4 22. f4 Nd7 23. f5 Bh4 24. Bd5 Rb8 25. Bb4 Re8 26. Qd2 Bxg3 27. hxg3 Nf6 28. Bb3 Bh5 29. Rc5 Qd7 30. Rfc1 Rbc8 31. Ba4 Qxa4 32. Rxc8 h6 33. Bd6 Qd7 34. Rxe8+ Qxe8 35. Qa5 Nd7 36. Qxa7 f6 37. Qxb7 1-0